Sports Quiz

Random Sports Quiz

Pundit Arena Daily Sports Quiz Challenge – Day 26 Stats

 Plays Quiz not verified by Sporcle

Support Sporcle.
Go Orange.
Score 0/20 Timer 05:00
0 Plays Today
Hint Answer % Correct
MLS franchise David Beckham played forLA Galaxy
94.7%
Ruud Gullit represented this countyThe Netherlands
90.5%
Club managed by Jurgen Klopp before LiverpoolBorussia Dortmund
89.1%
The year Arsenal last appeared in a Champions League final2006
82.6%
2019 UEFA Europa League winnersChelsea
81.5%
Man United legend named European Footballer of the Year in 1968George Best
79%
Crystal Palace play their home games hereSelhurst Park
71.6%
Spanish club who play at the Mestalla StadiumValencia
69.5%
Manchester United club captainHarry Maguire
62.9%
Republic of Ireland manager at Italia 90Jack Charlton
62.3%
Hint Answer % Correct
City that hosted 2004 Olympic GamesAthens
61.7%
Famous stadium which hosts All-Ireland GAA finalsCroke Park
50.6%
Lineal heavyweight boxing championTyson Fury
46.2%
2008 FA Cup winnersPortsmouth
38.7%
Irish international Jack Byrne started his career at this Premier League clubManchester City
30.6%
NHL franchise in BostonBruins
28.2%
Normal People star Paul Mescal played this sportGaelic football
25.8%
NFL franchise the Chargers moved to LA from this citySan Diego
23.4%
St.Patrick's Athletic play hereRichmond Park
11.7%
Only man to score a goal at Windsor Park, Croke Park and the FIFA World CupGerry Armstrong
3.4%

You're not logged in!

Compare scores with friends on all Sporcle quizzes.
OR
Log In

From the Vault

Capital Cities of North America

by aika

And you thought you had a bad time with state capitals in middle school?
Remove Ads.
Support Sporcle.
Get the best of Sporcle when you Go Orange. This ad-free experience offers more features, more stats, and more fun while also helping to support Sporcle. Thank you for becoming a member.

Show Comments

Extras

Created May 23, 2020ReportNominate
Tags:arena, challenge, Daily, pundit

Top Quizzes Today


Score Distribution

Your Account Isn't Verified!

In order to create a playlist on Sporcle, you need to verify the email address you used during registration. Go to your Sporcle Settings to finish the process.

Report this User

Report this user for behavior that violates our Community Guidelines.

Details: